Wildlife ecology and conservation / (Record no. 86903)

MARC details
000 -LEADER
fixed length control field 01465nam a22003257a 4500
003 - CONTROL NUMBER IDENTIFIER
control field OSt
005 - DATE AND TIME OF LATEST TRANSACTION
control field 20250710102629.0
008 - FIXED-LENGTH DATA ELEMENTS--GENERAL INFORMATION
fixed length control field 250710b |||||||| |||| 00| 0 eng d
020 ## - INTERNATIONAL STANDARD BOOK NUMBER
International Standard Book Number 9788172339746
040 ## - CATALOGING SOURCE
Transcribing agency STCPL
041 ## - LANGUAGE CODE
Language code of text/sound track or separate title English
082 ## - DEWEY DECIMAL CLASSIFICATION NUMBER
Classification number 639.9
Item number BAL-W
100 ## - MAIN ENTRY--PERSONAL NAME
Personal name Balakrishnan, Mundanthra
245 ## - TITLE STATEMENT
Title Wildlife ecology and conservation /
Statement of responsibility, etc. by Mundanthra Balakrishnan
260 ## - PUBLICATION, DISTRIBUTION, ETC.
Place of publication, distribution, etc. Jodhpur:
Name of publisher, distributor, etc. Scientific Publishers (India) ,
Date of publication, distribution, etc. 2016.
300 ## - PHYSICAL DESCRIPTION
Extent 446 p.
Other physical details Hard Back
520 ## - SUMMARY, ETC.
Summary, etc. The book focuses on wildlife ecology with examples primarily drawn from the tropics, known for their rich biodiversity and the significant impact of increasing human populations on natural habitats and wildlife. It introduces students to modern tools and trends in ecological sciences, including applications of remote sensing, geographic information systems (GIS), and camera trapping techniques for studying elusive wild animals. The book also features case studies and an interactive learning approach to help students grasp the practical applications of theoretical concepts in wildlife conservation.
650 ## - SUBJECT ADDED ENTRY--TOPICAL TERM
Topical term or geographic name entry element Zoology
650 ## - SUBJECT ADDED ENTRY--TOPICAL TERM
Topical term or geographic name entry element Wildlife
650 ## - SUBJECT ADDED ENTRY--TOPICAL TERM
Topical term or geographic name entry element Wildlife conservation
650 ## - SUBJECT ADDED ENTRY--TOPICAL TERM
Topical term or geographic name entry element Wildlife ecology
650 ## - SUBJECT ADDED ENTRY--TOPICAL TERM
Topical term or geographic name entry element Wildlife management
650 ## - SUBJECT ADDED ENTRY--TOPICAL TERM
Topical term or geographic name entry element Human-wildlife conflict
650 ## - SUBJECT ADDED ENTRY--TOPICAL TERM
Topical term or geographic name entry element Economics of wildlife
650 ## - SUBJECT ADDED ENTRY--TOPICAL TERM
Topical term or geographic name entry element Protectd area
650 ## - SUBJECT ADDED ENTRY--TOPICAL TERM
Topical term or geographic name entry element Threatened wildlife
942 ## - ADDED ENTRY ELEMENTS (KOHA)
Koha item type Books
942 ## - ADDED ENTRY ELEMENTS (KOHA)
Source of classification or shelving scheme Dewey Decimal Classification
942 ## - ADDED ENTRY ELEMENTS (KOHA)
Source of classification or shelving scheme Dewey Decimal Classification
Suppress in OPAC No
Holdings
Withdrawn status Lost status Source of classification or shelving scheme Damaged status Collection code Not for loan Home library Current library Shelving location Date acquired Cost, normal purchase price Total Checkouts Full call number Barcode Date due Date last seen Date last checked out Price effective from Koha item type
    Dewey Decimal Classification   Zoology   ST. THOMAS COLLEGE LIBRARY, PALAI ST. THOMAS COLLEGE LIBRARY, PALAI Life Sciences 2025-07-10 2950.00 1 639.9 BAL-W 92861 2025-12-05 2025-10-30 2025-10-30 2025-07-10 Books
Rights reserved ©2021 ST. THOMAS COLLEGE LIBRARY
A joint venture of - St. Thomas College Library and
Department of Computer Science, St. Thomas Collge Palai